| 000 | 00000nam##2200000za#4500 |
| 001 | 9.577097 |
| 003 | CaOODSP |
| 005 | 20210624185442 |
| 007 | cr ||||||||||| |
| 008 | 150406|1991||||xxc|||||o f|0| 0 eng|d |
| 040 | |aCaOODSP|beng |
| 043 | |an-cn--- |
| 086 | 1 |aFs97-13/861E-PDF |
| 110 | 1 |aCanada. |bDepartment of Fisheries and Oceans. |
| 245 | 10|aJoint Canada-USA field survey of the charr (Salvelinus sp.) resources of the Firth River, Yukon Territory and Alaska, September, 1989 : |h[electronic resource]|bsummary report / |cby A. Kristofferson ... [et al.] |
| 260 | |aWinnipeg - Manitoba : |bFisheries and Oceans Canada |c1991. |
| 300 | |a28p.|bfigs., references, tables |
| 490 | 1 |aCanadian data report of fisheries and aquatic sciences|vNo. 861 |
| 500 | |aOn t.p.: Central and Arctic Region, Winnipeg, Manitoba. Catalogue number and ISSN of the print edition appear in the PDF version. |
| 546 | |a(Résumé en français) |
| 590 | |a13-19-Supp|b2013-08-14 |
| 720 | 1 |aKristofferson, A. H. |
| 830 | #0|aCanadian data report of fisheries and aquatic sciences ;|vNo. 861|w(CaOODSP)9.505124 |
| 856 | 40|ahttp://publications.gc.ca|qPDF|s2990 KB|uhttps://publications.gc.ca/collections/collection_2013/mpo-dfo/Fs97-13-861-eng.pdf|yNo. 861 |